000 00801nam a2200217 i 4500
001 161203
003 ES-MaACL
005 20250804074423.0
008 041020s1855 fr |||| | fre d
100 0 _aFederico Ozanam
_cBeato.
_988069
245 1 0 _aDante et la philosophie catholique au treizième siècle /
_cpar A.F. Ozanam.
250 _a3e éd.
260 _aParis :
_bJacques Lecoffre,
_c1855 (
_fImp. Simon Raçon et comp.)
300 _a492 p. ;
_c22 cm.
490 1 _aOeuvres complètes de A.F. Ozanam ;
_v6
600 0 4 _aDante Alighieri,
_d1265-1321-
_xCrítica e interpretación
_942658
650 7 _aFilosofía medieval
_2embne
_912857
830 1 _aOeuvres complètes de A.F. Ozanam ;
_v6
_9188325
852 _aES-MaACL
_jG-8323
_z- Enc. hol.
999 _c161203
_d161203